Growth Patterns Dynamic Branches <A> Contribudion to the Description of the Socialist Growth Pattern

Salvato in:
Dettagli Bibliografici
Autore principale: Bekker, Zsussa
Natura: Libro
Lingua:inglese
Pubblicazione: Budapest Akadémiai Kiadó 1988
Edizione:1. ed.
Tags: Aggiungi Tag
Nessun Tag, puoi essere il primo ad aggiungerne!!

MARC

LEADER 00000nam a2200000 4500
001 c030549
005 20221219115926.3
041 0 |a eng 
044 |a HU 
245 1 0 |a Growth Patterns Dynamic Branches  |b <A> Contribudion to the Description of the Socialist Growth Pattern  |c Zsussa Bekker 
250 |a 1. ed. 
264 1 |a Budapest  |b Akadémiai Kiadó  |c 1988 
300 |a 345 s. 
100 1 |a Bekker, Zsussa